01276nam a22003257a 4500003000500000005001700005008004100022010001000063011001000073035001000083040000900093090001000102100004100112245014700153260003900300300002600339502009900365590003700464590004100501590004100542590004100583590004200624650003900666650004700705901000700752942001000759949003600769999001700805952012800822CHAP20220329135910.0971013s1976 r 00010 d a43871 a44843 a48982 cCHAP aTesis00aRamírez Araya, Luis Emilio.993871 aExploración sobre la incidencia e importancia de los nemátodos gastrointestinales en bovinos del municipio de la Mesa Metlaltoyuca, Puebla aMéxico, D. F. :bEl autor,c1976 apag. var.b; gráfs. aTesis (Médico Veterinario Zootecnista) -- UNAM. Facultad de Medicina Veterinaria y Zootecnia aALEPHb10c20130110lUCH01h1312 aBATCH-UPDb10c20130110lUCH01h2059 aBATCH-UPDb10c20130410lUCH01h1412 aBATCH-UPDb10c20130914lUCH01h1529 aCONVERSIONb10c20130109lUCH01h132414aGanado vacunoxParásitos.94550014aNemátodos parásitos de bovinos.980829 aBK cTESIS bBCcTESd-110656eTS1i48982si c43871d43871 00102local4051718TESISaBCbBCcPA_TESISd2012-12-17fTESISl0oTesisp-110656r2019-12-31 00:00:00w2019-12-31yTESIS